1831 1777 1231 1644 2000 1101 1319 1112 1541 1436 1089 1240 1309 1622 1430 1874 1393 1242 1620 1334 1127 1050 1635 1518 1802 1879 1345 1907 1634 1201 1144 1325 1725 1161 1453 1964 1932 1027 1175 1744 1499 1869 1742 1497 1304 1440 1773 1986 1333 1841 1643 1367 1817 1142 1941 1970 1508 1283 1613 1626 1478 1364 1832 1748 1497 1951 1393 1716 1714 1202 1744 1093 1008 1502 1155 1537 1194 1885 1252 1190 1221 1890 1460 1824 1463 1827 1197 1459 1295 1827 1089 1085 1266 1310 1603 1267 1642 1438 1762 BCNSPRNW ULIB Ver.6.0+V

เปลี่ยนเป็นภาษาไทย

Change to English
 แสดงรายละเอียดบรรณานุกรม
  กลับหน้าหลัก

Brief Record : Get Marc (ISO 2709) : E-mail record : QR code < ปิดหน้าต่าง
LEADER : 00000nam 2200000uu 4500
001    13399127356
003     ULIB
008    200512s2019||||th 000 0 tha d
020 ^- ^a9781496387035
060 ^- ^aWY100.7^bM45E
100 1^ ^aMelnyk, Bernadette Mazurek.
245 10 ^aEvidence-based practice in nursing & healthcare :a guide to best practice /^cBernadette Mazurek Melnyk, Ellen Fineout-Overholt.
246 13 ^aEvidence-based practice in nursing and healthcare
250 ^- ^a4th ed.
260 ^- ^aPhiladelphia :Wolters Kluwer,c2019.
300 ^- ^axxii, 782 p. :Other physical details col. ill.
504 ^- ^aIncludes bibliographical references and index.
505 0^ ^aUnit 1: Steps zero, one, two; getting started -- Unit 2: Step three: critically appraising evidence -- Unit 3: Steps four and five: moving from evidence to substainable practice change -- Unit 4: Creating and sustaining a culture and environment for evidence-based practice -- Unit 5: Step six: Disseminating evidence and evidence-based practice implementation outcomes -- Unit 6: Generating external evidence and writing successful grant proposals.
650 ^4 ^aEvidence-based medicine.
650 ^  ^aEvidence-based nursing
650 ^  ^aMethods.
700 1^ ^aFineout-Overholt, Ellen.
945    ^p2990^l0^i007029
999    ^aประนอม เกษจรัล
รายการนี้ยังไม่มีแท็ก
คุณยังไม่ได้ล็อกอิน คุณสามารถมีกิจกรรมร่วมกับเว็บไซต์ได้ แต่ต้องล็อกอินก่อน ::
  ล็อกอิน

รายการสื่อสารสนเทศ

ลำดับที่ ประเภท เลขเรียก/บาร์โค้ด สถานที่ สถานะ
1. Book การพยาบาล
หนังสือสำรอง
สถานะ=หนังสือสำรอง
WY100.7 M45E ฉ.1 
  Barcode: 007029
ห้องสมุดวิทยาเขตสวรรค์ประชารักษ์
►หนังสือทั่วไป
บนชั้น

รายการใกล้เคียง
    ผู้แต่ง [Melnyk, Bernadette Mazurek.]

    หัวเรื่อง [Evidence-based medicine.]
    หัวเรื่อง [Evidence-based nursing]
    หัวเรื่อง [Methods.]

BibComment


ยังไม่เคยถูกคอมเมนท์

คอมเมนท์ทรัพยากรรายการนี้
  คอมเมนท์: Evidencebased pr..


 Copyright 2026. Bcnsprnw @Library